[Event "Quebec-ch Senior"]
[Site "Montreal"]
[Date "2014.02.08"]
[Round "2"]
[White "Roy, Vital"]
[Black "Labadie, Bernard"]
[Result "1-0"]
[WhiteElo "1041"]
[BlackElo "1337"]
[PlyCount "91"]
[EventDate "2014.02.07"]
[EventType "swiss"]
[EventRounds "5"]
[EventCountry "CAN"]
[SourceTitle "EXT 2022"]
[Source "ChessBase"]
[SourceDate "2021.10.06"]
[SourceVersion "1"]
[SourceVersionDate "2021.10.06"]
[SourceQuality "1"]

1. c4 c5 2. Nc3 Nc6 3. g3 Nf6 4. Bg2 e6 5. e4 d6 6. Nh3 Be7 7. 0-0 0-0 8. Nf4 Bd7 9. d3 Rb8 10. Be3 a6 11. a4 Qb6 12. b3 Ne8 13. Rb1 Nb4 14. d4 cxd4 15. Bxd4 Qa5 16. Be3 Bf6 17. Nfe2 Nc6 18. Bd2 Qc7 19. Be3 Be7 20. Qc1 Nf6 21. Rd1 Ng4 22. Bf4 Nce5 23. h3 Nf6 24. Bxe5 dxe5 25. Rd3 Bc6 26. b4 Rfd8 27. Rxd8+ Rxd8 28. b5 Be8 29. Nd1 Bc5 30. Ne3 Qa5 31. Nc3 Nd7 32. Qc2 Bd4 33. Ned1 Nb6 34. bxa6 bxa6 35. Bf1 Rc8 36. Kg2 f5 37. Bd3 fxe4 38. Bxe4 h6 39. Bd3 Nxc4 40. Bxc4 Rxc4 41. Rb8 Kf7 42. Qe2 Bc6+ 43. Kh2 g6 44. Qxc4 Bd7 45. Rb7 Ke7 46. Ne4 1-0